Chicago Transit Lines Quiz Stats

Quiz not verified by Sporcle

Also try: Tooth or Fiction?
Challenge
Share
Tweet
Embed
Score 0/14 Timer 10:00
0 Plays Today
Name of Line Terminal Station % Correct
Red95th & Dan Ryan
94.6%
RedHoward
89.1%
BlueO'Hare
89.1%
PurpleHoward
89.1%
YellowHoward
89.1%
OrangeMidway
80.4%
YellowSkokie
76.1%
Name of Line Terminal Station % Correct
BrownKimball
64.1%
BlueForest Park
62%
PurpleLinden
60.9%
GreenHarlem & Lake
50%
Green (spur)Ashland & 63rd
41.3%
Green (spur)Cottage Grove
40.2%
Pink54th & Cermak
40.2%

You're not logged in!

Compare scores with friends on all Sporcle quizzes.
Sign Up with Email
OR
Log In

You Might Also Like...

Show Comments

Extras

Top Quizzes Today


Score Distribution

Your Account Isn't Verified!

In order to create a playlist on Sporcle, you need to verify the email address you used during registration. Go to your Sporcle Settings to finish the process.